000 00268nam a2200109 a 4500
005 20140414131938.0
008 110125s19uu xx 00 eng d
050 _aER
_bIt1 2008
245 _aIt's Wubbzy.
260 _aNew York :
_bScholastic ,
_c2008.
999 _c112513
_d112513